Cool random stuff that I find interesting - Statistics

General Stats
  • This quiz has been taken 13 times
  • The average score is 4 of 15
Answer Stats
Hint Answer % Correct
What does the band Sabaton sing about? History
71%
What modern branch of Christianity is based off of Martin Luther’s teachings? Lutheranism
57%
Which branch of Islam is Saudi Arabia Sunni
57%
Who was the most recent member of the straw hat crew? Jinbe
43%
Who was born and died when Halley’s Comet was visable Mark Twain
29%
Who was the Pope during the First Crusade Pope Urban II
29%
What is the official name for spirits in Japanese folklore Yokai
29%
Who initially proposed the first crusade? alexios I komnenos
14%
What does “ECT” stand for in avalanche science Extended Column Test
14%
What was the nickname of the 369th Infantry Regiment? Hellfighters
14%
What company created the “highball” mountain bike? Santa Cruz
14%
Who created the origami “Ryujin 3.5”? Satoshi Kamiya
14%
Who lost the battle of Poltava? Sweden
14%
Who is the lead guitarist of Avenged Sevenfold? Synyster Gates
14%
What is the official name for ghosts in Japanese folklore Yurei
14%
No matching quizzes found
Score Distribution
Percent of People with Each Score
Percentile by Number Answered
Your Score History
You have not taken this quiz